| 000 | 01414nam0a2200325 i 4500 | ||
|---|---|---|---|
| 001 | RU\NLR\BIBL_A\010001800 | ||
| 005 | 20241103122907.0 | ||
| 010 |
_a9785957106012 _9100 |
||
| 021 |
_aRU _b2013-75989 _95228 |
||
| 021 |
_aRU _b2013-76022 _95229 |
||
| 035 | _a(NLR Aleph) 010001800 | ||
| 090 |
_a9799502 _c9799502 |
||
| 100 | _a20131106d2012 u y0rusy50 ca | ||
| 101 | 0 | _arus | |
| 102 | _aRU | ||
| 105 | _ay|||j|||000yy | ||
| 200 | 1 |
_aТренинг социального интеллекта _e(краткое методическое руководство) _e[учебное пособие] _fС.С. Чеботарев _gМ-во образования и науки РФ, ФГАОУ ВПО "Белгор. гос. нац. исслед. ун-т", Фак. психологии, Каф. возрастной и соц. психологии |
|
| 210 |
_aБелгород _cБелгород _d2012 |
||
| 215 |
_a26, [1] с. _d21 |
||
| 606 |
_aТренинг социально-психологический _jМетодические пособия _91707464 _3RU\NLR\AUTH\661058439 |
||
| 675 | _a159.9 | ||
| 686 | 1 | _aС550.353я7 | |
| 700 | 1 |
_aЧеботарев _bС. С. _gСергей Сергеевич |
|
| 801 | 0 |
_aRU _bRuMoRKP _c20130919 _gRCR |
|
| 801 | 2 |
_aRU _bРГБ _c20130927 |
|
| 801 | 1 |
_aRU _bRuMoRKP _c20130919 _2rusmarc |
|
| 942 | _cBOOK | ||
| 980 | _aNBR | ||